| 000 | 00590nam a2200241Ia 4500 | ||
|---|---|---|---|
| 008 | 160803s9999 xx 000 0 und d | ||
| 020 | _a0 516260979 | ||
| 100 | _aLandau, Elaine | ||
| 245 | _aDesert mammals / | ||
| 245 | _cby Elaine Landau. | ||
| 260 | _aNew York : | ||
| 260 | _bScholastic Inc. | ||
| 260 | _c1996 | ||
| 300 | _a48 pages : | ||
| 300 | _bcolor illustrations ; | ||
| 300 | _c22 cm. | ||
| 440 | _aTrue book. | ||
| 650 | _aDesert animals -- | ||
| 650 | _aMammals -- | ||
| 650 | _xJuvenile literature. | ||
| 650 | _xJuvenile literature. | ||
| 700 | _a900 | ||
| 999 |
_c299181 _d299181 |
||